000 01564cam a22004094a 4500
001 15089446
003 JO-AjAnu
005 20240610100624.0
008 071119s2009 maua b 001 0 eng
010 _a 2007047746
016 7 _a101321318
_2DNLM
020 _a9780763729608
020 _a0763729604
035 _a(OCoLC)ocn181903737
035 _a(OCoLC)181903737
_z(OCoLC)173264064
040 _aDNLM/DLC
_cDLC
_dNLM
_dBAKER
_dYDXCP
_dBTCTA
_dC#P
_dDLC
_dJO-AjAnu
_beng
041 _aeng
_heng
042 _apcc
050 0 0 _aRM218.7
_b.S66 2019
082 0 0 _a615.8/54
_222
100 1 _aSnetselaar, Linda G.
245 1 0 _aNutrition counseling skills for the nutrition care process /
_cLinda G. Snetselaar.
250 _a4th ed.
260 _aSudbury, Mass. :
_bJones and Bartlett Publishers,
_c2019
300 _axvi, 494 p. :
_bill. ;
_c23 cm.
500 _aRev. ed. of: Nutrition counseling skills for medical nutrition therapy / Linda G. Snetselaar. Gaithersburg, Md. : Aspen Publishers, 1997.
504 _aIncludes bibliographical references and index.
650 0 _aNutrition counseling.
650 1 2 _aCounseling
_xmethods.
650 1 2 _aNutrition Physiology.
650 2 2 _aDiet Therapy.
700 1 _aSnetselaar, Linda G.
_tNutrition counseling skills for medical nutrition therapy.
856 4 1 _3Table of contents only
_uhttp://www.loc.gov/catdir/toc/ecip085/2007047746.html
906 _a7
_bcbc
_corignew
_d1
_eecip
_f20
_gy-gencatlg
942 _2lcc
_cBK
_n0
999 _c33511
_d33511